Countries with the largest area - Map Quiz - Statistics

General Stats
  • This quiz has been taken 11 times
  • The average score is 35 of 50
Answers on the Map
Answers color-coded by a green-red scale on the quiz's map according to % correct below.
 
Answer Stats
Answer % Correct
Russia
100%
Algeria
88%
Argentina
88%
Australia
88%
Brazil
88%
Canada
88%
China
88%
India
88%
Kazakhstan
88%
Saudi Arabia
88%
United States
88%
Chad
75%
Indonesia
75%
Iran
75%
Libya
75%
Mexico
75%
Mongolia
75%
Peru
75%
Sudan
75%
Afghanistan
63%
Angola
63%
Bolivia
63%
Central African Republic
63%
Chile
63%
Colombia
63%
DR Congo
63%
Egypt
63%
Ethiopia
63%
France
63%
Kenya
63%
Madagascar
63%
Mali
63%
Mauritania
63%
Mozambique
63%
Namibia
63%
Niger
63%
Nigeria
63%
Pakistan
63%
Somalia
63%
South Africa
63%
South Sudan
63%
Tanzania
63%
Thailand
63%
Turkey
63%
Ukraine
63%
Venezuela
63%
Yemen
63%
Botswana
50%
Myanmar
50%
Zambia
50%
No matching quizzes found
Score Distribution
Percent of People with Each Score
Percentile by Number Answered
Your Score History
You have not taken this quiz